Palau Güell : servei educatiu : curs 2018-19 / servei educatiu : curs 2018-19 /
Descripción Física:
35 pàgines : il·lustracions ; 21 cm
Otros Autores:
Redondo, Álex
Idioma:
Catalán
MARC
| LEADER | 00000nam a2200000 a 4500 | ||
|---|---|---|---|
| 001 | 25683 | ||
| 008 | 220527b spa||||| |||| 00| 0 cat d | ||
| 017 | |a DL B 16482-2018 | ||
| 080 | |a FU-69-75 | ||
| 245 | 0 | 3 | |a Palau Güell : |b servei educatiu : curs 2018-19 / |c il·lustracions: Álex Redondo |
| 260 | |a Barcelona : |b Palau Güell, |c 2018 | ||
| 300 | |a 35 pàgines : |b il·lustracions ; |c 21 cm | ||
| 610 | 2 | 0 | |a Palau Güell (Barcelona) |9 17034 |
| 650 | 0 | |2 Arxiu |9 43699 |a Educació primària | |
| 650 | 0 | |2 Arxiu |9 21974 |a Educació secundària obligatòria | |
| 700 | |9 53124 |a Redondo, Álex |e il·lustrador | ||
| 710 | 2 | |a Palau Güell (Barcelona) |9 17034 | |
| 942 | |2 udc |c ARXIU |n 1 | ||
| 952 | |0 0 |1 0 |4 0 |6 FU6975 |7 1 |9 62078 |a Arxiu |b Arxiu |d 2022-05-27 |l 0 |o FU-69-75 |p 25683 |r 2022-05-27 00:00:00 |w 2022-05-27 |y ARXIU | ||
| 999 | |c 81789 |d 81789 | ||